000 02903nab a2200253 i 4500
003 BR-BrBNA
005 20251006162728.0
008 251006b2022 bl.ar|pooa||| 00| 0 eng |
040 _aBR-BrBNA
_beng
072 _aF70
100 _aParentes, Jaíne Maria Silva
100 _aCavalcanti, Laise de Holanda
245 _aRediscovery of Hemitrichia leiocarpa (Trichiales, Myxomycetes) in Brazil
500 _aPublicação on-line; Bibliography p. 9-11 (65 ref.); 2 tables; 3 illus.; Summaries (En, Pt)
520 _a Abstract Hemitrichia leiocarpa was collected in the state of Pernambuco, northeastern Brazil, in 1968, and five decades passed before its second collection in the country. The species was rediscovered in the Pedra Talhada Biological Reserve, municipality of Quebrangulo, state of Alagoas, 225 km from the first location. A description of specimens that sporulated in moist chamber culture prepared with ground litter and deposited in the Myxomycetes collection of the UFP Herbarium is provided. Detailed and updated information on the worldwide geographical distribution of the species is provided, as well as information on substrates and microhabitats based on bibliographic sources and herbarium catalogues. The species can be considered near threatened (NT) based on IUCN criteria and its inclusion in the Brazilian Red List of Threatened Species is recommended. Key words: Atlantic Forest, chorology, endangered species, red list, Trichiaceae. Resumo Hemitrichia leiocarpa foi coletada no estado de Pernambuco, nordeste do Brasil, em 1968 e cinco décadas passaram até ser novamente coletada no país. A espécie foi redescoberta na Reserva Biológica de Pedra Talhada, município de Quebrangulo, estado de Alagoas, distante 225 km da primeira localidade. Apresenta-se a descrição dos espécimes, esporulados em câmaras úmidas montadas com folhedo de solo e depositados na coleção de Myxomycetes do Herbário UFP. São fornecidas informações detalhadas e atualizadas sobre sua distribuição geográfica mundial, juntamente com substratos e microhabitats, com base em fontes bibliográficas e catálogos de herbários. Esta espécie pode ser considerada como quase ameaçada (NT) com base nos critérios da IUCN e sua inclusão na Lista Vermelha do Brasil é recomendada. Palavras-chave: Floresta Atlântica, corologia, espécies ameaçadas, lista vermelha, Trichiaceae.
650 _aFLORESTA ATLÂNTICA
650 _aESPÉCIE EM EXTINÇÃO
650 _aTAXONOMIA
650 _aMIXOMICETO
773 0 _0709
_9357916
_dRio de Janeiro-RJ Jardim Botanico do Rio de Janeiro 1935
_o2025-5881
_tRodriguésia (Brazil)
_x0370-6583; 2175-7860 on-line
_gv. 73 p. 1-11; (2022)
_wBR2025002663
856 _uhttps://www.scielo.br/j/rod/a/spNLFhvKXMddr34S9nVgySH/?format=pdf&lang=en
942 _cANA
999 _c338573
_d338573